000 02050 a2200253 4500
001 33762
005 20260407155628.0
008 260407a2013 arg spa d
003 AR-UNSa-BCEJYS
040 _aAR-UNSa-BCEJYS
_bspa
_cAR-UNSa-BCEJYS
080 _a316.346.32-053.6
_xSociología de la juventud
245 1 0 _aSobre la educación en un mundo líquido
_pconversaciones con Riccardo Mazzeo
020 _a978-950-12-5435-8
250 _a1a ed., 1a. reimp.
264 1 _aBuenos Aires :
_bPaidós
_c2013
300 _a151 p.
_c23 cm.
505 _a1. Entre la mixofilia y la mixofobia – 2. José Saramago : maneras de ser feliz – 3. Gregory Bateson y su tercer nivel de educación – 4. De la cerrazón mental a la << revolución permanente >> – 5. Robles y bellotas absurdamente diminutas – 6. En busca de una genuina << revolución cultural >> – 7. La depravación es la estrategia más inteligente para el desposeimiento – 8. Años para construir, minutos para destruir – 9. Los jóvenes, una propina para la industria del consumo – 10. El esfuerzo de mejorar la comprensión mutua es una fuente prolífica para la creatividad humana – 11. A los desempleados siempre les queda jugar a la lotería, ¿no es cierto? – 12. Discapacidades, anomalías… Las minorías como un problema político – 13. La indignación y las agrupaciones políticas que funcionan como enjambres – 14. Consumidores imperfectos y zonas minadas que no tienen fin – 15. Richard Sennett habla de la diferencia – 16. Del <<capitalista>> de Lacan al <<consumidor>> de Bauman – 17. Zizek y Morin, sobre el monoteísmo – 18. La petite Madeleine de Proust y el consumismo – 19. Sobre combustibles, chispas y fuegos – 20. Sobre la mayoría de edad de la globalización.
041 _aspa
942 _cBK
590 _aniveau_biblio:m niveau_hierar:0
100 1 _aPayás Puigarnau, Dolores
700 1 _aBauman, Zygmunt
856 4 1 _uhttps://biblioeco.unsa.edu.ar/pmb/images/libros/sobre_la_edu.jpg
_yImagen de portada
_qimage/jpeg
999 _c2390
_d2390